000
00317 a2200145 4500
001
171403
020
_a
040
_c
Magnum
100
_a
Ramos, Clara
240
1
0
_a
Memorias da cachorra baleia
_l
por
245
1
0
_a
Memorias da cachorra baleia
362
0
_a
1899
697
_a
IJ/AVENTURA, CRIANCAS
942
_c
BK
999
_c
171403
_d
171403